| 000 | 00000nam 2200000zi 4500 |
| 001 | 9.940990 |
| 003 | CaOODSP |
| 005 | 20250122142553 |
| 006 | m o d f |
| 007 | cr mn||||||||| |
| 008 | 240724t20232023oncd ob f000 0 eng d |
| 020 | |a9780660729213 |
| 040 | |aCaOODSP|beng|erda|cCaOODSP |
| 043 | |an-cn-qu |
| 086 | 1 |aCi34-11/2-2024E-PDF |
| 245 | 00|aPathways to permanent residency for English-speaking skilled temporary foreign workers - Quebec / |cResearch and Knowledge Mobilization Division. |
| 264 | 1|a[Ottawa] : |bImmigration, Refugees and Citizenship Canada = Immigration, réfugiés et citoyenneté Canada, |cMarch 2023. |
| 264 | 4|c©2023 |
| 300 | |a1 online resource (41 pages) : |bcharts |
| 336 | |atext|btxt|2rdacontent |
| 337 | |acomputer|bc|2rdamedia |
| 338 | |aonline resource|bcr|2rdacarrier |
| 500 | |aIssued also in French under title: Parcours des travailleurs étrangers temporaires qualifiés d'expression anglaise vers la résidence permanente - Québec. |
| 504 | |aIncludes bibliographical references (pages 38-40). |
| 650 | 0|aForeign workers|zQuébec (Province) |
| 650 | 0|aImmigrants|zQuébec (Province) |
| 650 | 0|aLinguistic minorities|zQuébec (Province) |
| 651 | 0|aFrench-speaking countries|xEmigration and immigration. |
| 710 | 1 |aCanada. |bImmigration, Refugees and Citizenship Canada, |eissuing body. |
| 775 | 08|tParcours des travailleurs étrangers temporaires qualifiés d'expression anglaise vers la résidence permanente : |w(CaOODSP)9.940992 |
| 856 | 40|qPDF|s806 MB|uhttps://publications.gc.ca/collections/collection_2025/ircc/Ci34-11-2-2024-eng.pdf |
| 856 | 4 |qHTML|sN/A|uhttps://www.canada.ca/en/immigration-refugees-citizenship/corporate/reports-statistics/research/pathways-to-permanent-residency-for-english-speaking-skilled-temporary-foreign-workers-quebec.html |